[Event "2014 Australian Championships"]
[Site "Melbourne"]
[Date "2014.01.05"]
[Round "6.9"]
[White "Hu, Jason"]
[Black "Li, Luke"]
[Result "0-1"]
[WhiteElo "2118"]
[BlackElo "2336"]
[PlyCount "76"]
[EventDate "2014.01.??"]
[EventType "swiss"]
[EventRounds "11"]
[EventCountry "AUS"]
[SourceDate "2014.01.02"]

1. d4 Nf6 2. Nf3 d5 3. Bf4 c5 4. e3 Nc6 5. c3 Qb6 6. Qb3 c4 7. Qxb6 axb6 8.
Nbd2 b5 9. a3 Bf5 10. Rc1 h6 11. h3 e6 12. Be2 Nd7 13. O-O Nb6 14. Bd1 Kd7 15.
Re1 Bd6 16. Bxd6 Kxd6 17. e4 Bh7 18. Bc2 Na4 19. exd5 exd5 20. Bxh7 Rxh7 21.
Rc2 Rhh8 22. Nf1 Rhe8 23. Ne3 g6 24. Rce2 Re6 25. Ne5 Nxe5 26. dxe5+ Kc5 27.
Nc2 Nxb2 28. Nd4 Nd3 29. Nxe6+ fxe6 30. Ra1 d4 31. Rc2 dxc3 32. Rxc3 Kd4 33.
Rc2 b4 34. Kf1 b3 35. Re2 b2 36. Rd1 Kc3 37. Red2 Rxa3 38. Ke2 Nc1+ 0-1

[Event "2014 Australian Championships"]
[Site "Melbourne"]
[Date "2014.01.05"]
[Round "6.10"]
[White "Illingworth, Max"]
[Black "Wallis, Christopher"]
[Result "1-0"]
[WhiteElo "2434"]
[BlackElo "2346"]
[PlyCount "47"]
[EventDate "2014.01.??"]
[EventType "swiss"]
[EventRounds "11"]
[EventCountry "AUS"]
[SourceDate "2014.01.02"]

1. e4 e6 2. d4 d5 3. Nd2 Nc6 4. Ngf3 Nf6 5. e5 Nd7 6. c3 f6 7. Bb5 fxe5 8. dxe5
Be7 9. Nd4 Ndxe5 10. f4 Ng6 11. Nxc6 bxc6 12. Bxc6+ Bd7 13. Bxa8 Qxa8 14. Nb3
O-O 15. O-O Bd6 16. Be3 Qc6 17. Nd4 Qc4 18. Qd2 c5 19. Ne2 Ne7 20. b3 Qe4 21.
Ng3 Qg6 22. b4 d4 23. bxc5 Bxc5 24. Bxd4 1-0

[Event "2014 Australian Championships"]
[Site "Melbourne"]
[Date "2014.01.05"]
[Round "6.11"]
[White "Wohl, Aleksandar"]
[Black "Loh, Zachary"]
[Result "1-0"]
[WhiteElo "2371"]
[BlackElo "2032"]
[PlyCount "85"]
[EventDate "2014.01.??"]
[EventType "swiss"]
[EventRounds "11"]
[EventCountry "AUS"]
[SourceDate "2014.01.02"]

1. e4 c6 2. c4 d5 3. cxd5 cxd5 4. exd5 Nf6 5. Nc3 Nxd5 6. Nf3 Nc6 7. Bb5 Qd6 8.
O-O Bg4 9. h3 Bh5 10. d4 e6 11. Re1 Be7 12. Re5 Bxf3 13. Qxf3 Nxc3 14. bxc3 O-O
15. Re2 Bf6 16. Rb1 Rac8 17. Bf4 Qd7 18. Qe4 Rfd8 19. Reb2 g6 20. Ba4 b6 21.
Bb5 Qb7 22. a4 Rd5 23. Be3 Na5 24. Qd3 Rcd8 25. Ba6 Qc7 26. Rb5 Rxb5 27. Bxb5
e5 28. d5 e4 29. Qxe4 Qxc3 30. Bf4 Nb3 31. Rd1 Nc5 32. Qe2 Qb4 33. Bc7 Rf8 34.
Bd6 Rd8 35. Be7 Bxe7 36. Qxe7 Rf8 37. d6 Qb3 38. Re1 Ne6 39. Be8 Qb4 40. Re3
Qc5 41. h4 h5 42. Rf3 Nf4 43. g3 1-0

[Event "2014 Australian Championships"]
[Site "Melbourne"]
[Date "2014.01.05"]
[Round "6.12"]
[White "Choong, Yita"]
[Black "Nakauchi, Gene"]
[Result "0-1"]
[WhiteElo "2203"]
[BlackElo "2210"]
[PlyCount "82"]
[EventDate "2014.01.??"]
[EventType "swiss"]
[EventRounds "11"]
[EventCountry "AUS"]
[SourceDate "2014.01.02"]

1. e4 c5 2. d4 cxd4 3. c3 dxc3 4. Nxc3 a6 5. Nf3 e6 6. Bc4 b5 7. Bb3 Bb7 8. O-O
b4 9. Nd5 exd5 10. exd5 d6 11. Re1+ Be7 12. Qd4 Nf6 13. Qxb4 Bc8 14. Bf4 O-O
15. Rxe7 Qxe7 16. Bxd6 Qd8 17. Be7 a5 18. Qa3 Qe8 19. Re1 Nbd7 20. d6 Bb7 21.
Bxf8 Qxf8 22. Ng5 Bd5 23. Bxd5 Nxd5 24. Nxh7 Kxh7 25. Qd3+ Kg8 26. Qxd5 Nf6 27.
Qd2 Ra6 28. d7 Qd8 29. h3 Qxd7 30. Qg5 a4 31. Qf4 Rd6 32. Qf3 Rd2 33. g4 Rxb2
34. g5 Qd5 35. Qf4 Nd7 36. h4 Rd2 37. Qg4 Rd4 38. Qh5 Nf6 39. Qe2 Rg4+ 40. Qxg4
Nxg4 41. g6 fxg6 0-1

[Event "2014 Australian Championships"]
[Site "Melbourne"]
[Date "2014.01.05"]
[Round "6.13"]
[White "Schon, Eugene"]
[Black "Canfell, Greg"]
[Result "1/2-1/2"]
[WhiteElo "2195"]
[BlackElo "2343"]
[PlyCount "53"]
[EventDate "2014.01.??"]
[EventType "swiss"]
[EventRounds "11"]
[EventCountry "AUS"]
[SourceDate "2014.01.02"]

1. d4 Nf6 2. c4 g6 3. Nc3 Bg7 4. e4 d6 5. f3 O-O 6. Be3 Nbd7 7. Qd2 c5 8. Nge2
a6 9. d5 Ne5 10. Ng3 h5 11. Be2 h4 12. Nf1 e6 13. Bg5 h3 14. g4 b5 15. f4 Nxc4
16. Bxc4 bxc4 17. e5 dxe5 18. fxe5 exd5 19. O-O-O d4 20. exf6 Bxf6 21. Bxf6
Qxf6 22. Ne4 Qb6 23. Qg5 Rb8 24. Nf6+ Kg7 25. Nh5+ Kh7 26. Nf6+ Kg7 27. Nh5+
1/2-1/2

[Event "2014 Australian Championships"]
[Site "Melbourne"]
[Date "2014.01.05"]
[Round "6.14"]
[White "Brown, Andrew"]
[Black "Levi, Eddy"]
[Result "0-1"]
[WhiteElo "2259"]
[BlackElo "2134"]
[PlyCount "72"]
[EventDate "2014.01.??"]
[EventType "swiss"]
[EventRounds "11"]
[EventCountry "AUS"]
[SourceDate "2014.01.02"]

1. e4 e5 2. Nc3 Nf6 3. f4 d5 4. fxe5 Nxe4 5. Nf3 Nc6 6. Bb5 Be7 7. O-O O-O 8.
d4 Bg4 9. Qd3 Nb4 10. Qe2 c6 11. Ba4 f5 12. a3 Na6 13. Nd1 b5 14. Bb3 Nc7 15.
Ne3 Ne6 16. c3 Bh5 17. a4 a6 18. axb5 axb5 19. Rxa8 Qxa8 20. Rd1 Kh8 21. Nc2
Qe8 22. Rf1 g5 23. Nb4 Bxb4 24. cxb4 Nxd4 25. Qd3 Ne6 26. Nd4 Bg6 27. Nxe6 Qxe6
28. Be3 f4 29. Bd4 Ng3 30. Qxg3 fxg3 31. Rxf8+ Kg7 32. Rd8 Qg4 33. Bc3 gxh2+
34. Kxh2 Be4 35. Rd7+ Kh6 36. Rd6+ Kh5 0-1

[Event "2014 Australian Championships"]
[Site "Melbourne"]
[Date "2014.01.05"]
[Round "6.15"]
[White "Puccini, Jack"]
[Black "Dragicevic, Domagoj"]
[Result "0-1"]
[WhiteElo "2078"]
[BlackElo "2199"]
[PlyCount "106"]
[EventDate "2014.01.??"]
[EventType "swiss"]
[EventRounds "11"]
[EventCountry "AUS"]
[SourceDate "2014.01.02"]

1. e4 e5 2. Nc3 Nf6 3. Bc4 Nxe4 4. Qh5 Nd6 5. Bb3 g6 6. Qxe5+ Qe7 7. d4 Nc6 8.
Qxe7+ Bxe7 9. Nge2 Nf5 10. Nd5 Bd8 11. Bf4 d6 12. O-O-O O-O 13. c3 Be6 14. Ne3
Bxb3 15. axb3 Nxe3 16. Bxe3 Ne7 17. Rhe1 Nf5 18. Bf4 Nh4 19. Bh6 Nxg2 20. Bxf8
Nxe1 21. Bxd6 Nf3 22. Bf4 Bg5 23. Bxg5 Nxg5 24. Nf4 Kf8 25. Kc2 Re8 26. Kd3 Re4
27. Nd5 c6 28. Ne3 Rh4 29. Ra1 a6 30. Nc4 Rxh2 31. Ke3 Rh3+ 32. Ke2 Ne4 33. Na5
Nd6 34. Nc4 Nxc4 35. bxc4 Ke7 36. Ra5 Rh1 37. Re5+ Kd7 38. Kd3 Rf1 39. Re2 h5
40. Ke3 h4 41. Kf4 Rg1 42. f3 f6 43. Rh2 Re1 44. Rd2 Kd6 45. Kg4 g5 46. Kf5 Ke7
47. Rf2 Kf7 48. f4 Rg1 49. fxg5 fxg5 50. d5 Ke7 51. Ke5 g4 52. d6+ Ke8 53. Ke6
Re1+ 0-1

[Event "2014 Australian Championships"]
[Site "Melbourne"]
[Date "2014.01.05"]
[Round "6.16"]
[White "Nemeth, John"]
[Black "Charles, Gareth"]
[Result "0-1"]
[WhiteElo "2115"]
[BlackElo "2150"]
[PlyCount "108"]
[EventDate "2014.01.??"]
[EventType "swiss"]
[EventRounds "11"]
[EventCountry "AUS"]
[SourceDate "2014.01.02"]

1. c4 c6 2. g3 e5 3. Bg2 Nf6 4. d3 d5 5. cxd5 cxd5 6. Nf3 Nc6 7. O-O Bd6 8. Bg5
O-O 9. Nc3 Be6 10. Nd2 Be7 11. a3 d4 12. Bxf6 Bxf6 13. Nce4 Be7 14. Rc1 Bd5 15.
Nf3 f5 16. Nc5 Rc8 17. b4 b6 18. Nb3 Bf6 19. b5 Ne7 20. Rxc8 Qxc8 21. Qb1 Qe6
22. Nfd2 Bxg2 23. Kxg2 Nd5 24. Rc1 Nc3 25. Qb2 Qd5+ 26. f3 Nxe2 27. Rc7 Nc3 28.
Rxa7 Nxb5 29. Ra6 Qb7 30. Ra4 Nc3 31. Rb4 Be7 32. Rc4 Nd1 33. Qc1 Ne3+ 34. Kf2
Nxc4 35. Qxc4+ Kh8 36. a4 e4 37. dxe4 fxe4 38. Nxd4 Bc5 39. f4 Rd8 40. N2b3
Bxd4+ 41. Nxd4 Qd5 42. Qxd5 Rxd5 43. Ke3 Ra5 44. Kxe4 Rxa4 45. Kd5 Ra2 46. g4
Rxh2 47. g5 h5 48. Ke4 h4 49. Nf3 Rh1 50. Kf5 b5 51. Ne5 b4 52. Kg6 Kg8 53. Nc6
b3 54. Ne7+ Kf8 0-1

[Event "2014 Australian Championships"]
[Site "Melbourne"]
[Date "2014.01.05"]
[Round "6.17"]
[White "Castor, David"]
[Black "Penrose, Justin"]
[Result "0-1"]
[WhiteElo "2125"]
[BlackElo "1986"]
[PlyCount "72"]
[EventDate "2014.01.??"]
[EventType "swiss"]
[EventRounds "11"]
[EventCountry "AUS"]
[SourceDate "2014.01.02"]

1. d4 d5 2. c4 c6 3. Nf3 Nf6 4. e3 Bf5 5. Nc3 e6 6. Nh4 Bg4 7. Qb3 Qb6 8. h3
Bh5 9. g4 Bg6 10. Nxg6 hxg6 11. Bg2 Qc7 12. g5 Nh5 13. Bd2 Nd7 14. O-O-O Be7
15. h4 Nb6 16. cxd5 cxd5 17. Kb1 a6 18. Ne2 Nc4 19. Bb4 O-O 20. Bxe7 Qxe7 21.
Bf3 a5 22. Nc3 b5 23. Qc2 Rfc8 24. Qe2 a4 25. Rdg1 b4 26. Nxd5 exd5 27. Bxd5
Nf4 28. Bxf7+ Kxf7 29. Qd1 Qe4+ 30. Ka1 b3 31. Rg4 a3 32. Rxf4+ Qxf4 33. Qxb3
axb2+ 34. Qxb2 Qf3 35. Qb1 Rcb8 36. Qf1 Rxa2+ 0-1

[Event "2014 Australian Championships"]
[Site "Melbourne"]
[Date "2014.01.05"]
[Round "6.18"]
[White "Tang, Jason"]
[Black "Jordan, Bill"]
[Result "1-0"]
[WhiteElo "2067"]
[BlackElo "2270"]
[PlyCount "109"]
[EventDate "2014.01.??"]
[EventType "swiss"]
[EventRounds "11"]
[EventCountry "AUS"]
[SourceDate "2014.01.02"]

1. d4 Nf6 2. c4 e6 3. Nc3 d5 4. cxd5 exd5 5. Bg5 Nbd7 6. e3 c6 7. Bd3 Bd6 8.
Nf3 Nf8 9. Qc2 Ng6 10. Nh4 O-O 11. a3 a5 12. Ne2 Re8 13. Nxg6 fxg6 14. Bh4 Be6
15. Bg3 Be7 16. O-O Rc8 17. Rfd1 Qd7 18. Nf4 Bf7 19. Rac1 b6 20. Ba6 Ra8 21.
Be2 Rec8 22. Nd3 Qb7 23. Bf3 Nh5 24. Be5 c5 25. dxc5 bxc5 26. Nf4 Nxf4 27. exf4
Rd8 28. Qc3 Qb6 29. Rd2 d4 30. Qc2 Ra7 31. Be2 g5 32. Bc4 Rf8 33. Re1 Bd8 34.
Rde2 Kh8 35. Qf5 Kg8 36. Bd3 Qh6 37. Bd6 g6 38. Qxc5 Rd7 39. fxg5 Qxg5 40. Bxf8
Rd5 41. Bh6 Rxc5 42. Bxg5 Bxg5 43. Re5 Rxe5 44. Rxe5 Bc1 45. Rxa5 Bxb2 46. a4
Kf8 47. Rc5 Ba3 48. Rc8+ Ke7 49. Rc7+ Kf6 50. Bc4 Bxc4 51. Rxc4 Ke5 52. Kf1 Kd5
53. Rc8 d3 54. Rc3 d2 55. Rd3+ 1-0

[Event "2014 Australian Championships"]
[Site "Melbourne"]
[Date "2014.01.05"]
[Round "6.19"]
[White "Pyke, Malcolm"]
[Black "Michaille, Laurent"]
[Result "1-0"]
[WhiteElo "2123"]
[BlackElo "2115"]
[PlyCount "85"]
[EventDate "2014.01.??"]
[EventType "swiss"]
[EventRounds "11"]
[EventCountry "AUS"]
[SourceDate "2014.01.02"]

1. d4 Nf6 2. c4 e6 3. g3 Bb4+ 4. Bd2 Be7 5. Bg2 d5 6. Nf3 O-O 7. O-O c6 8. Qc2
b6 9. Bg5 Nbd7 10. Nbd2 Bb7 11. e4 h6 12. Bf4 g5 13. Be3 Ng4 14. cxd5 exd5 15.
e5 Kh8 16. Qf5 Nxe3 17. fxe3 Bc8 18. Qc2 c5 19. Rfc1 Rg8 20. Ne1 Nf8 21. Nd3
Ne6 22. dxc5 bxc5 23. Kh1 Ba6 24. Nf2 Rb8 25. Ng4 Rg6 26. Nb3 d4 27. exd4 cxd4
28. Qf5 Kg7 29. Rf1 Bxf1 30. Rxf1 Qe8 31. Be4 h5 32. Nf2 Qb5 33. Nd3 Rf8 34.
Qf2 Rh6 35. Nxd4 Nxd4 36. Qxd4 Rd8 37. Qxa7 Qc4 38. Re1 Re6 39. b3 Qc3 40. Qe3
Ra6 41. Rc1 Qd4 42. Qf3 Rxa2 43. Qf5 1-0

[Event "2014 Australian Championships"]
[Site "Melbourne"]
[Date "2014.01.05"]
[Round "6.20"]
[White "Stojic, Svetozar"]
[Black "Vlietstra, Marc"]
[Result "1-0"]
[WhiteElo "2029"]
[BlackElo "2035"]
[PlyCount "85"]
[EventDate "2014.01.??"]
[EventType "swiss"]
[EventRounds "11"]
[EventCountry "AUS"]
[SourceDate "2014.01.02"]

1. Nf3 c5 2. g3 Nc6 3. Bg2 d5 4. O-O e5 5. d3 f6 6. e4 d4 7. c3 Be6 8. cxd4
cxd4 9. a3 Qd7 10. Nbd2 Bd6 11. b4 Nge7 12. Rb1 h5 13. Nc4 b5 14. Nxd6+ Qxd6
15. Nd2 Nd8 16. f4 Nec6 17. Nf3 Bg4 18. h3 Bxf3 19. Bxf3 h4 20. Bh5+ Kf8 21. g4
Ne6 22. f5 Ng5 23. Kg2 Rc8 24. Rb2 Nb8 25. Qb3 Rc3 26. Qa2 Qc7 27. Bxg5 fxg5
28. f6 g6 29. Bxg6 Rh6 30. Bh5 Rxd3 31. Qe6 Qd7 32. Qxe5 Rxh5 33. Qxb8+ Kf7 34.
Rc2 Rc3 35. Rxc3 dxc3 36. gxh5 c2 37. Qe5 c1=Q 38. Qe7+ Qxe7 39. fxe7+ Qxf1+
40. Kxf1 Kxe7 41. e5 Ke6 42. h6 Kf7 43. e6+ 1-0

[Event "2014 Australian Championships"]
[Site "Melbourne"]
[Date "2014.01.05"]
[Round "6.21"]
[White "Stojic, Dusan"]
[Black "Louie, Ryan"]
[Result "0-1"]
[WhiteElo "2233"]
[BlackElo "1909"]
[PlyCount "96"]
[EventDate "2014.01.??"]
[EventType "swiss"]
[EventRounds "11"]
[EventCountry "AUS"]
[SourceDate "2014.01.02"]

1. Nf3 Nf6 2. g3 e6 3. Bg2 Be7 4. O-O O-O 5. c4 d5 6. b3 c5 7. cxd5 exd5 8. Bb2
Nc6 9. d4 Bf5 10. Nc3 Re8 11. Rc1 cxd4 12. Nxd4 Bg6 13. Nc2 d4 14. Nb5 d3 15.
Ncd4 Nxd4 16. Nxd4 dxe2 17. Qxe2 Ba3 18. Qd2 Bxb2 19. Qxb2 Qb6 20. a4 Rad8 21.
Rfd1 Be4 22. Bxe4 Nxe4 23. b4 g6 24. Nb5 Ng5 25. Kg2 Qe6 26. Nd4 Qh3+ 27. Kh1
Rxd4 28. Rxd4 Nf3 29. Rh4 Nxh4 30. gxh4 Qxh4 31. f3 Qf4 32. Rf1 h5 33. Kg2 Rd8
34. Rf2 h4 35. Qe2 Qxb4 36. Qe4 Qxe4 37. fxe4 Rd4 38. Re2 Rxa4 39. Kh3 b5 40.
Kxh4 Kg7 41. Kg3 b4 42. Rb2 Ra3+ 43. Kf4 b3 44. Ke5 a5 45. Kd4 a4 46. Kc3 Ra2
47. Rxa2 bxa2 48. Kb2 Kf6 0-1

[Event "2014 Australian Championships"]
[Site "Melbourne"]
[Date "2014.01.07"]
[Round "7.1"]
[White "Tu, Hoang Thong"]
[Black "Cheng, Bobby"]
[Result "1/2-1/2"]
[WhiteElo "2428"]
[BlackElo "2433"]
[PlyCount "58"]
[EventDate "2014.01.??"]
[EventType "swiss"]
[EventRounds "11"]
[EventCountry "AUS"]
[SourceDate "2014.01.02"]

1. d4 d5 2. Nf3 c6 3. Bf4 Qb6 4. b3 Bf5 5. e3 e6 6. Bd3 Bxd3 7. Qxd3 Nf6 8. O-O
Nh5 9. Be5 Nd7 10. h3 Nxe5 11. dxe5 g6 12. c4 Ng7 13. Nc3 Rd8 14. Rfd1 Be7 15.
Qc2 O-O 16. e4 d4 17. Na4 Qc7 18. c5 f6 19. Nxd4 Qxe5 20. Nf3 Qc7 21. Rxd8 Rxd8
22. e5 fxe5 23. Re1 Rd5 24. b4 Qd8 25. Nc3 Rd3 26. Nxe5 Rd2 27. Qe4 Bf6 28. Qf3
Bxe5 29. Rxe5 Nf5 1/2-1/2

[Event "2014 Australian Championships"]
[Site "Melbourne"]
[Date "2014.01.07"]
[Round "7.2"]
[White "Papin, Vasily"]
[Black "Solomon, Stephen"]
[Result "1-0"]
[WhiteElo "2510"]
[BlackElo "2371"]
[PlyCount "77"]
[EventDate "2014.01.??"]
[EventType "swiss"]
[EventRounds "11"]
[EventCountry "AUS"]
[SourceDate "2014.01.02"]
[WhiteClock "0:28:55"]
[BlackClock "0:05:46"]

1. c4 c5 2. g3 g6 3. Bg2 Bg7 4. Nc3 Nc6 5. Nf3 e6 6. d3 Nge7 7. Bg5 h6 8. Bd2
b6 9. Qc1 Bb7 10. O-O d5 11. Rb1 Qd7 12. Rd1 d4 13. Nb5 e5 14. Na3 f5 15. Nc2
a5 16. a3 Nc8 17. b4 Nd6 18. bxc5 bxc5 19. e3 e4 20. Nfe1 g5 21. exd4 Nxd4 22.
Nxd4 Bxd4 23. Bc3 O-O 24. Bxd4 cxd4 25. Qb2 Bc6 26. Qxd4 Qe7 27. Rb6 Ba4 28.
Rdb1 Rad8 29. c5 Nc8 30. Qxa4 Nxb6 31. cxb6 exd3 32. Nxd3 Qd6 33. Qc4+ Kh8 34.
Qc3+ Kg8 35. Ne5 f4 36. b7 Qf6 37. Qb3+ Kg7 38. Nc6 fxg3 39. Qxg3 1-0

[Event "2014 Australian Championships"]
[Site "Melbourne"]
[Date "2014.01.07"]
[Round "7.3"]
[White "Goldenberg, Igor"]
[Black "Ly, Moulthun"]
[Result "0-1"]
[WhiteElo "2373"]
[BlackElo "2416"]
[PlyCount "104"]
[EventDate "2014.01.??"]
[EventType "swiss"]
[EventRounds "11"]
[EventCountry "AUS"]
[SourceDate "2014.01.02"]

1. Nf3 Nf6 2. c4 e6 3. Nc3 d5 4. d4 Bb4 5. e3 O-O 6. Bd3 c5 7. O-O dxc4 8. Bxc4
Nbd7 9. Qe2 cxd4 10. exd4 Bxc3 11. bxc3 Qc7 12. Bb2 b6 13. Bd3 Bb7 14. c4 Rfe8
15. Rac1 Qf4 16. Qe3 Nh5 17. Be2 Qxe3 18. fxe3 Nhf6 19. Rfd1 Rec8 20. Rd3 Ne4
21. Ra3 h6 22. Bd3 Rc7 23. Kf1 Nd6 24. Nd2 f5 25. Kg1 Nf6 26. c5 Nde4 27. Nxe4
Nxe4 28. Bc4 Bd5 29. Bd3 Rac8 30. Bxe4 Bxe4 31. Rac3 Rb7 32. Ba1 Bd5 33. a3 b5
34. Bb2 a5 35. Ra1 Rcb8 36. Rcc1 g5 37. Bc3 b4 38. axb4 axb4 39. Bb2 Rf7 40.
Ra6 b3 41. Rca1 Rbb7 42. Kf2 Rbe7 43. Re1 h5 44. Kg1 Kh7 45. Kf2 h4 46. Kg1 g4
47. Kf2 g3+ 48. hxg3 hxg3+ 49. Kxg3 Rg7+ 50. Kf4 Rxg2 51. Ba3 Be4 52. Rb6 e5+
0-1

[Event "2014 Australian Championships"]
[Site "Melbourne"]
[Date "2014.01.07"]
[Round "7.4"]
[White "Li, Luke"]
[Black "Lane, Gary"]
[Result "1/2-1/2"]
[WhiteElo "2336"]
[BlackElo "2375"]
[PlyCount "40"]
[EventDate "2014.01.??"]
[EventType "swiss"]
[EventRounds "11"]
[EventCountry "AUS"]
[SourceDate "2014.01.02"]

1. d4 d5 2. c4 dxc4 3. e3 e5 4. Bxc4 exd4 5. exd4 Nf6 6. Nf3 Bd6 7. O-O O-O 8.
Nc3 Nc6 9. Bg5 h6 10. Bh4 Bg4 11. h3 Bxf3 12. Qxf3 Nxd4 13. Qxb7 Nf5 14. Bxf6
Qxf6 15. Ne4 Qe5 16. Nxd6 Nxd6 17. Qd5 Nxc4 18. Qxc4 Qxb2 19. Qxc7 Rfc8 20. Qf4
Rc2 1/2-1/2

[Event "2014 Australian Championships"]
[Site "Melbourne"]
[Date "2014.01.07"]
[Round "7.5"]
[White "Sukandar, Irine Kharisma"]
[Black "Bjebork, Igor"]
[Result "0-1"]
[WhiteElo "2369"]
[BlackElo "2339"]
[PlyCount "112"]
[EventDate "2014.01.??"]
[EventType "swiss"]
[EventRounds "11"]
[EventCountry "AUS"]
[SourceDate "2014.01.02"]
[WhiteClock "0:01:11"]
[BlackClock "0:02:24"]

1. e4 c5 2. Nf3 e6 3. d4 cxd4 4. Nxd4 a6 5. Bd3 Nf6 6. O-O Qc7 7. Kh1 Bc5 8.
Nb3 Be7 9. f4 d6 10. Be3 Nbd7 11. Qf3 b6 12. N1d2 Bb7 13. a4 d5 14. exd5 O-O
15. Bd4 exd5 16. Qh3 Rfe8 17. Nf3 Ne4 18. Nbd2 Bf6 19. c3 Bxd4 20. Nxd4 Ndc5
21. Bc2 Bc8 22. Qe3 Nf6 23. Qg3 Bd7 24. N2f3 Nfe4 25. Qh4 Qd8 26. Qh5 Nf6 27.
Qh4 Nfe4 28. Qxd8 Raxd8 29. Ne5 f6 30. Nxd7 Rxd7 31. Rad1 Kf7 32. Kg1 g6 33. f5
Nd6 34. fxg6+ hxg6 35. Rf3 Nc4 36. Rh3 Kg7 37. Rg3 Ne4 38. Bxe4 Rxe4 39. b3 Ne5
40. a5 Kf7 41. axb6 Rb7 42. Rh3 Rxb6 43. Rh7+ Ke8 44. Rc7 Nd7 45. Nc6 Ne5 46.
Nb4 d4 47. Nd5 Rd6 48. c4 Ng4 49. Rc8+ Kd7 50. Rc7+ Ke8 51. Rc8+ Kd7 52. Rf8 f5
53. Nb4 d3 54. c5 d2 55. Nc2 Rde6 56. Rxd2+ Ke7 0-1

[Event "2014 Australian Championships"]
[Site "Melbourne"]
[Date "2014.01.07"]
[Round "7.6"]
[White "Zelesco, Karl"]
[Black "Illingworth, Max"]
[Result "0-1"]
[WhiteElo "2242"]
[BlackElo "2434"]
[PlyCount "76"]
[EventDate "2014.01.??"]
[EventType "swiss"]
[EventRounds "11"]
[EventCountry "AUS"]
[SourceDate "2014.01.02"]
[WhiteClock "0:01:23"]
[BlackClock "0:46:35"]

1. d4 Nf6 2. Nf3 b6 3. Bg5 d5 4. e3 e6 5. c4 Bb7 6. cxd5 exd5 7. Bb5+ c6 8. Bd3
Be7 9. O-O Nbd7 10. Nc3 h6 11. Bf4 Nh5 12. Be5 O-O 13. Rc1 Nxe5 14. dxe5 g6 15.
e6 fxe6 16. Ne5 Nf6 17. Nxg6 Rf7 18. f4 d4 19. Ne2 dxe3 20. f5 exf5 21. Rxf5
Bd6 22. Qb3 Bc8 23. Rff1 Bg4 24. Rxc6 Kg7 25. Ngf4 Qd7 26. Qc2 Rc8 27. Rxd6
Qxd6 28. Bc4 Nh5 29. Qc3+ Rf6 30. Nxh5+ Bxh5 31. Ng3 Bg6 32. Rf5 Rxc4 33. Qxc4
Bxf5 34. Nh5+ Kf8 35. Nxf6 Qd1+ 36. Qf1 e2 37. Nd7+ Ke7 38. Nxb6 Qxf1# 0-1

[Event "2014 Australian Championships"]
[Site "Melbourne"]
[Date "2014.01.07"]
[Round "7.7"]
[White "Nakauchi, Gene"]
[Black "Johansen, Darryl"]
[Result "0-1"]
[WhiteElo "2210"]
[BlackElo "2406"]
[PlyCount "77"]
[EventDate "2014.01.??"]
[EventType "swiss"]
[EventRounds "11"]
[EventCountry "AUS"]
[SourceDate "2014.01.02"]

1. d4 Nf6 2. c4 g6 3. g3 Bg7 4. Bg2 c5 5. d5 d6 6. Nc3 O-O 7. Nf3 Na6 8. O-O
Nc7 9. h3 Rb8 10. e4 b5 11. e5 Nd7 12. exd6 exd6 13. Bf4 Nf6 14. Nd2 Nh5 15.
Be3 bxc4 16. g4 Nf6 17. Nxc4 Ba6 18. Na5 Ncxd5 19. Nc6 Nxe3 20. fxe3 Qe8 21.
Qxd6 Qxe3+ 22. Kh1 Bxf1 23. Rxf1 Rxb2 24. Rf3 Qe1+ 25. Kh2 Nxg4+ 26. hxg4 Bxc3
27. Qxc5 Bb4 28. Nxb4 Rxb4 29. Rg3 a6 30. a3 Rb2 31. g5 Re8 32. Qd4 Rd2 33. Qc4
Qe2 34. Qc5 Qh5+ 35. Rh3 Qg4 36. Qc6 Qf4+ 37. Rg3 Re3 38. Qc8+ Kg7 39. Qh3 0-1

[Event "2014 Australian Championships"]
[Site "Melbourne"]
[Date "2014.01.07"]
[Round "7.8"]
[White "Morris, James"]
[Black "Wohl, Aleksandar"]
[Result "0-1"]
[WhiteElo "2405"]
[BlackElo "2371"]
[PlyCount "70"]
[EventDate "2014.01.??"]
[EventType "swiss"]
[EventRounds "11"]
[EventCountry "AUS"]
[SourceDate "2014.01.02"]

1. e4 Nf6 2. Nc3 e5 3. Nf3 d6 4. d4 Nbd7 5. g3 Be7 6. Bg2 O-O 7. O-O c6 8. a4
Re8 9. h3 Bf8 10. Re1 Qc7 11. a5 Rb8 12. d5 b5 13. axb6 axb6 14. dxc6 Qxc6 15.
Nh2 b5 16. Ng4 b4 17. Nd5 Nxd5 18. exd5 Qc7 19. f4 f5 20. fxe5 fxg4 21. exd6
Rxe1+ 22. Qxe1 Bxd6 23. Qe6+ Kf8 24. Bh6 Ne5 25. Qf6+ Kg8 26. Bxg7 Bc5+ 27. Kh2
Qxg7 28. Qd8+ Qf8 29. Qg5+ Ng6 30. d6 Qxd6 31. Bd5+ Kg7 32. Rf1 Rb7 33. Bxb7
Bxb7 34. hxg4 h6 35. Qc1 Qd5 0-1

[Event "2014 Australian Championships"]
[Site "Melbourne"]
[Date "2014.01.07"]
[Round "7.9"]
[White "Zulfic, Fedja"]
[Black "Smirnov, Anton"]
[Result "0-1"]
[WhiteElo "2152"]
[BlackElo "2338"]
[PlyCount "98"]
[EventDate "2014.01.??"]
[EventType "swiss"]
[EventRounds "11"]
[EventCountry "AUS"]
[SourceDate "2014.01.02"]

1. d4 Nf6 2. c4 g6 3. Nc3 d5 4. cxd5 Nxd5 5. e4 Nxc3 6. bxc3 Bg7 7. Bc4 c5 8.
Ne2 Nc6 9. Be3 O-O 10. O-O Qc7 11. Rc1 Rd8 12. f4 Bg4 13. f5 gxf5 14. Bxf7+ Kh8
15. h3 cxd4 16. cxd4 Bxe2 17. Qxe2 Bxd4 18. Kh1 Qg3 19. Rf3 Qg7 20. Rxf5 Bxe3
21. Qxe3 Nd4 22. Rf2 Rac8 23. Rcf1 Rc2 24. Rxc2 Nxc2 25. Qc5 Nd4 26. Qxe7 Rf8
27. g4 Nc6 28. Qxb7 Nd8 29. Qxa7 Nxf7 30. Qe7 Kg8 31. a4 Qc3 32. Kg2 Qc2+ 33.
Kg3 Qxa4 34. e5 Qe8 35. Qf6 Qxe5+ 36. Qxe5 Nxe5 37. Rxf8+ Kxf8 38. Kf4 Ng6+ 39.
Kf5 Kf7 40. Kg5 Kg7 41. Kh5 Nf4+ 42. Kh4 Kf6 43. Kg3 Ng6 44. h4 Ke5 45. h5 Ne7
46. Kf3 Kf6 47. Kf4 h6 48. g5+ hxg5+ 49. Kg4 Ng8 0-1

[Event "2014 Australian Championships"]
[Site "Melbourne"]
[Date "2014.01.07"]
[Round "7.10"]
[White "McClymont, Brodie"]
[Black "Matheson, Laurence"]
[Result "*"]
[WhiteElo "2261"]
[BlackElo "2161"]
[PlyCount "79"]
[EventDate "2014.01.??"]
[EventType "swiss"]
[EventRounds "11"]
[EventCountry "AUS"]
[SourceDate "2014.01.02"]

1. e4 c6 2. d4 d5 3. e5 Nh6 4. c3 Qb6 5. Ne2 g6 6. h4 Bg7 7. Nf4 Bf5 8. Nd2 Ng4
9. Qe2 h5 10. f3 Nh6 11. Nb3 Na6 12. Be3 O-O-O 13. Rg1 e6 14. O-O-O Bf8 15. g4
hxg4 16. fxg4 Be4 17. Nd2 Qa5 18. Nxe4 dxe4 19. Kb1 Be7 20. Bf2 g5 21. hxg5
Bxg5 22. Qxe4 Ng8 23. Nh3 Bh6 24. g5 Bg7 25. g6 f5 26. exf6 Nxf6 27. Qxe6+ Rd7
28. Rg5 Nd5 29. Bd3 Nac7 30. Qg4 Kd8 31. c4 Nc3+ 32. bxc3 Qxc3 33. Be1 Qa3 34.
Ra5 Qf8 35. Bf5 Re7 36. Bb4 b6 37. Rxa7 Rh4 38. Rb7 Na6 39. Bxe7+ Qxe7 40. Rxe7
*